000
00303nam a22001217a 4500
082
_a
332.15
100
_a
Hussain, Syed Agha Ijaz
245
_a
International banking and trade management
250
_a
revised edition
260
_a
Peshawar
_b
Bagram publications
_c
2000
300
_a
329p
942
_c
BK
999
_c
3502
_d
3502